000 nam a22 7a 4500
999 _c30162
_d30162
008 190321b xxu||||| |||| 00| 0 eng d
050 _bGV 344 .M88 2018
100 _aMuthoka Kyengo Jacob.
245 _aAdministrative factors influencing principals effectiveness:
_bIn instructional supervision in public secondary schools/
260 _aKenya:
_bJacob Kyengo Muthoka ,
_c2018.
300 _axii, 128p, :
_bill(some col), ;
_c30cm.
650 _aadministrative factors influencing principals effectiveness
_vin instructional supervision in public secondary schools
_xin Mukaa sub-county, Makueni county, Kenya.
942 _2lcc
_cRESEARCH
_hGV 344 .M88 2018